| 000 -LEADER |
| fixed length control field |
01323 a2200277 4500 |
| 003 - CONTROL NUMBER IDENTIFIER |
| control field |
Nust |
| 005 - DATE AND TIME OF LATEST TRANSACTION |
| control field |
20221024181211.0 |
| 010 ## - LIBRARY OF CONGRESS CONTROL NUMBER |
| LC control number |
2004060975 |
| 020 ## - INTERNATIONAL STANDARD BOOK NUMBER |
| International Standard Book Number |
0071202293 |
| 020 ## - INTERNATIONAL STANDARD BOOK NUMBER |
| International Standard Book Number |
0071202293 (acid-free paper) |
| 020 ## - INTERNATIONAL STANDARD BOOK NUMBER |
| International Standard Book Number |
0073080136 (CD-ROM) |
| 040 ## - CATALOGING SOURCE |
| Transcribing agency |
Nust |
| 082 00 - DEWEY DECIMAL CLASSIFICATION NUMBER |
| Classification number |
621.3,HAY |
| 100 1# - MAIN ENTRY--PERSONAL NAME |
| Personal name |
Hayt, William Hart, |
| 9 (RLIN) |
101313 |
| 245 10 - TITLE STATEMENT |
| Title |
Engineering electromagnetics / |
| Statement of responsibility, etc. |
William H. Hayt, Jr., John A. Buck. |
| 250 ## - EDITION STATEMENT |
| Edition statement |
6th ed. |
| 260 ## - PUBLICATION, DISTRIBUTION, ETC. |
| Place of publication, distribution, etc. |
Boston : |
| Name of publisher, distributor, etc. |
McGraw-Hill Higher Education, |
| Date of publication, distribution, etc. |
c2006. |
| 300 ## - PHYSICAL DESCRIPTION |
| Extent |
xix, 582 p. : |
| Other physical details |
ill. ; |
| Dimensions |
24 cm. + |
| Accompanying material |
1 CD-ROM (4 3/4 in.). |
| 440 #0 - SERIES STATEMENT/ADDED ENTRY--TITLE |
| Title |
McGraw-Hill series in electrical engineering |
| 9 (RLIN) |
20188 |
| 505 ## - FORMATTED CONTENTS NOTE |
| Formatted contents note |
Vector analysis(Page-1), Coloumb,s law and electric field intensity (Page-27), Electric flus density(page 53), Energy and potential (Page-83), Conductors,dielectrics and capacitance(Page-119), Passion,s and laplace equations (Page-195), The steady magnetic field (Page-224), Magnetic forces (Page-274), Wave guide and antenna fundamentals (Page-484). |
| 650 #0 - SUBJECT ADDED ENTRY--TOPICAL TERM |
| Topical term or geographic name entry element |
Electromagnetic theory. |
| 9 (RLIN) |
10270 |
| 700 1# - ADDED ENTRY--PERSONAL NAME |
| Personal name |
Buck, John A. |
| 9 (RLIN) |
8614 |
| 856 42 - ELECTRONIC LOCATION AND ACCESS |
| Materials specified |
Publisher description |
| Uniform Resource Identifier |
<a href="http://www.loc.gov/catdir/enhancements/fy0618/2004060975-d.html">http://www.loc.gov/catdir/enhancements/fy0618/2004060975-d.html</a> |
| 856 42 - ELECTRONIC LOCATION AND ACCESS |
| Materials specified |
Table of contents only |
| Uniform Resource Identifier |
<a href="http://www.loc.gov/catdir/enhancements/fy0618/2004060975-t.html">http://www.loc.gov/catdir/enhancements/fy0618/2004060975-t.html</a> |
| 942 ## - ADDED ENTRY ELEMENTS (KOHA) |
| Source of classification or shelving scheme |
|
| Koha item type |
Book |